| 000 | 00493nam a22001937a 4500 | ||
|---|---|---|---|
| 003 | OSt | ||
| 005 | 20160502160824.0 | ||
| 008 | 160502b xxu||||| |||| 00| 0 eng d | ||
| 020 | _a10421842806 | ||
| 040 | _c040a | ||
| 082 |
_a026.34 _bCOM 2004 |
||
| 245 |
_aChitty on contracts : _bgeneral principles / |
||
| 250 | _a29th.ed | ||
| 260 |
_aLondon _bSweet and maxwell _c2004 |
||
| 300 |
_accclii, 1967; _c12 cm. |
||
| 504 | _aIncludes index | ||
| 650 |
_aContracts _98424 |
||
| 942 |
_2ddc _cSLOAN |
||
| 999 |
_c3842 _d3842 |
||